Como por encanto (Registo nº 3961)

Detalhes MARC
000 -Etiqueta do registo
Cabeçalho 00732nam0a2200265 4500
005 - Identificador da versão
Campo de controlo 20240813122049.0
095 ## -
-- PTBN00817160
010 ## - Número internacional normalizado dos livros (ISBN)
Número (ISBN) 9722509705
021 ## - Número do Depósito Legal
Código do país PT
Número 98345/96
100 ## - Dados gerais de processamento
Dados gerais de processamento 20181120d1996 m y0pory5003 ba
102 ## - Pais de publicação ou produção
País de publicação Portugal
101 0# - Língua de publicação
Língua do texto, banda sonora, etc. Português
215 ## - Descrição física 
Indicação específica da natureza do documento e extensão da espécie 62 p.
Outras indicações físicas il
200 1# - Titulo e menção de responsabilidade
Título próprio Como por encanto
Primeira menção de responsabilidade José Jorge Letria
Outras menções de responsabilidade il. Isabel Pissarra
225 1# - Colecção 
Título próprio da colecção Aladino
Indicação de volume 4
210 ## - Publicação, Distribuição, etc. 
Lugar da edição, distribuição, etc. Venda Nova
Nome do editor, distribuidor, etc. Bertrand
Data da publicação, distribuição, etc. 1996
606 ## - Nome comum usado como assunto
Número de registo de entrada de autoridade 0001335
Palavra de ordem Literatura portuguesa
Subdivisão de assunto Conto
Código do sistema CA
675 ## - Classificação Decimal Universal (CDU)
Notação 821.134.3-34
Edição 3ª ed.
Língua da edição por
702 #1 - Nome de autor-pessoa física (responsabilidade secundária)
Número de registo de entrada de autoridade 0000404
Palavra de ordem Pissarra
Outra parte do nome não tomada para palavra de ordem Isabel
Código de função Ilustrador / Técnico de desenho computorizado
700 #1 - Nome de autor-pessoa física (responsabilidade principal)
Número de registo de entrada de autoridade 0000273
Palavra de ordem Letria
Outra parte do nome não tomada para palavra de ordem José Jorge
Datas 1951-
966 ## - Identificação da Biblioteca
Sigla EBVEN
942 ## - Elementos de entrada adicionados (Koha)
Tipo de item no Koha Livro
Exemplares
Situação do levantamento Origin of item (home branch) (coded) Biblioteca de empréstimo Código de barras Cota Circulation type (not for loan) Tipo de documento Nota do exemplar Damaged status
  Biblioteca Escolar das Vendas Biblioteca Escolar das Vendas BEV322 8POR LET   Livro Sem mensagem